<?xml version="1.0" encoding="UTF-8"?>
<record
    xmlns:xsi="http://www.w3.org/2001/XMLSchema-instance"
    xsi:schemaLocation="http://www.loc.gov/MARC21/slim http://www.loc.gov/standards/marcxml/schema/MARC21slim.xsd"
    xmlns="http://www.loc.gov/MARC21/slim">

  <leader>     nam a22     7a 4500</leader>
  <datafield tag="999" ind1=" " ind2=" ">
    <subfield code="c">44173</subfield>
    <subfield code="d">44173</subfield>
  </datafield>
  <controlfield tag="003">OSt</controlfield>
  <controlfield tag="005">20180505093641.0</controlfield>
  <controlfield tag="008">180505b        xxu||||| |||| 00| 0 eng d</controlfield>
  <datafield tag="040" ind1=" " ind2=" ">
    <subfield code="c">IIMT UNIVERSITY, MEERUT</subfield>
  </datafield>
  <datafield tag="050" ind1=" " ind2=" ">
    <subfield code="a">625.125MCK</subfield>
    <subfield code="b">354</subfield>
  </datafield>
  <datafield tag="082" ind1=" " ind2=" ">
    <subfield code="2">12TH</subfield>
    <subfield code="a">625.125MCK</subfield>
    <subfield code="b">354</subfield>
  </datafield>
  <datafield tag="100" ind1=" " ind2=" ">
    <subfield code="a">MCKAY, W B.</subfield>
  </datafield>
  <datafield tag="245" ind1=" " ind2=" ">
    <subfield code="a">BUILDING CONSTRUCTION VOL 1 II III &amp;IV</subfield>
  </datafield>
  <datafield tag="250" ind1=" " ind2=" ">
    <subfield code="a">12TH</subfield>
  </datafield>
  <datafield tag="260" ind1=" " ind2=" ">
    <subfield code="a">PEARSON DELHI</subfield>
    <subfield code="b">PEARSON EDUCATION</subfield>
    <subfield code="c">2017</subfield>
  </datafield>
  <datafield tag="300" ind1=" " ind2=" ">
    <subfield code="b">12TH ED.170 P P.</subfield>
  </datafield>
  <datafield tag="760" ind1=" " ind2=" ">
    <subfield code="b">12TH ED.</subfield>
  </datafield>
  <datafield tag="856" ind1=" " ind2=" ">
    <subfield code="3">PAPERBACK</subfield>
  </datafield>
  <datafield tag="887" ind1=" " ind2=" ">
    <subfield code="2">ACCESSION REGISTER</subfield>
  </datafield>
  <datafield tag="942" ind1=" " ind2=" ">
    <subfield code="2">ddc</subfield>
    <subfield code="c">01</subfield>
    <subfield code="e">9TH</subfield>
    <subfield code="k">625.125MCK</subfield>
    <subfield code="m">625.125MCK</subfield>
  </datafield>
  <datafield tag="952" ind1=" " ind2=" ">
    <subfield code="0">0</subfield>
    <subfield code="1">0</subfield>
    <subfield code="2">ddc</subfield>
    <subfield code="3">PAPER BACK</subfield>
    <subfield code="4">0</subfield>
    <subfield code="7">0</subfield>
    <subfield code="a">24</subfield>
    <subfield code="b">24</subfield>
    <subfield code="d">2018-05-01</subfield>
    <subfield code="e">BANSAL BOOKS</subfield>
    <subfield code="f">ARCHITECTU</subfield>
    <subfield code="g">499.00</subfield>
    <subfield code="i">6284 DATED 28/04/2018</subfield>
    <subfield code="l">0</subfield>
    <subfield code="o">625.125MCK 354</subfield>
    <subfield code="p">24-B-354</subfield>
    <subfield code="r">2018-05-05</subfield>
    <subfield code="t">R</subfield>
    <subfield code="u">ARCHITECTURE</subfield>
    <subfield code="v">499.00</subfield>
    <subfield code="w">2018-04-30</subfield>
    <subfield code="y">01</subfield>
    <subfield code="z">ARCHITECTURE</subfield>
  </datafield>
  <datafield tag="952" ind1=" " ind2=" ">
    <subfield code="0">0</subfield>
    <subfield code="1">0</subfield>
    <subfield code="2">ddc</subfield>
    <subfield code="3">PAPER BACK</subfield>
    <subfield code="4">0</subfield>
    <subfield code="7">0</subfield>
    <subfield code="a">24</subfield>
    <subfield code="b">24</subfield>
    <subfield code="d">2018-05-01</subfield>
    <subfield code="e">BANSAL BOOKS</subfield>
    <subfield code="f">ARCHITECTU</subfield>
    <subfield code="g">499.00</subfield>
    <subfield code="i">6284 DATED 28/04/2018</subfield>
    <subfield code="l">0</subfield>
    <subfield code="o">625.125MCK 354</subfield>
    <subfield code="p">24-B-355</subfield>
    <subfield code="r">2018-05-05</subfield>
    <subfield code="t">R</subfield>
    <subfield code="u">ARCHITECTURE</subfield>
    <subfield code="v">499.00</subfield>
    <subfield code="w">2018-04-30</subfield>
    <subfield code="y">01</subfield>
    <subfield code="z">ARCHITECTURE</subfield>
  </datafield>
  <datafield tag="952" ind1=" " ind2=" ">
    <subfield code="0">0</subfield>
    <subfield code="1">0</subfield>
    <subfield code="2">ddc</subfield>
    <subfield code="3">PAPER BACK</subfield>
    <subfield code="4">0</subfield>
    <subfield code="7">0</subfield>
    <subfield code="a">24</subfield>
    <subfield code="b">24</subfield>
    <subfield code="d">2018-05-01</subfield>
    <subfield code="e">BANSAL BOOKS</subfield>
    <subfield code="f">ARCHITECTU</subfield>
    <subfield code="g">499.00</subfield>
    <subfield code="i">6284 DATED 28/04/2018</subfield>
    <subfield code="l">0</subfield>
    <subfield code="o">625.125MCK 354</subfield>
    <subfield code="p">24-B-356</subfield>
    <subfield code="r">2018-05-05</subfield>
    <subfield code="t">R</subfield>
    <subfield code="u">ARCHITECTURE</subfield>
    <subfield code="v">499.00</subfield>
    <subfield code="w">2018-04-30</subfield>
    <subfield code="y">01</subfield>
    <subfield code="z">ARCHITECTURE</subfield>
  </datafield>
  <datafield tag="952" ind1=" " ind2=" ">
    <subfield code="0">0</subfield>
    <subfield code="1">0</subfield>
    <subfield code="2">ddc</subfield>
    <subfield code="3">PAPER BACK</subfield>
    <subfield code="4">0</subfield>
    <subfield code="7">0</subfield>
    <subfield code="a">24</subfield>
    <subfield code="b">24</subfield>
    <subfield code="d">2018-05-01</subfield>
    <subfield code="e">BANSAL BOOKS</subfield>
    <subfield code="f">ARCHITECTU</subfield>
    <subfield code="g">499.00</subfield>
    <subfield code="i">6284 DATED 28/04/2018</subfield>
    <subfield code="l">0</subfield>
    <subfield code="o">625.125MCK 354</subfield>
    <subfield code="p">24-B-357</subfield>
    <subfield code="r">2018-05-05</subfield>
    <subfield code="t">R</subfield>
    <subfield code="u">ARCHITECTURE</subfield>
    <subfield code="v">499.00</subfield>
    <subfield code="w">2018-04-30</subfield>
    <subfield code="y">01</subfield>
    <subfield code="z">ARCHITECTURE</subfield>
  </datafield>
  <datafield tag="952" ind1=" " ind2=" ">
    <subfield code="0">0</subfield>
    <subfield code="1">0</subfield>
    <subfield code="2">ddc</subfield>
    <subfield code="3">PAPER BACK</subfield>
    <subfield code="4">0</subfield>
    <subfield code="7">0</subfield>
    <subfield code="a">24</subfield>
    <subfield code="b">24</subfield>
    <subfield code="d">2018-05-01</subfield>
    <subfield code="e">BANSAL BOOKS</subfield>
    <subfield code="f">ARCHITECTU</subfield>
    <subfield code="g">499.00</subfield>
    <subfield code="i">6284 DATED 28/04/2018</subfield>
    <subfield code="l">0</subfield>
    <subfield code="o">625.125MCK 354</subfield>
    <subfield code="p">24-B-358</subfield>
    <subfield code="r">2018-05-05</subfield>
    <subfield code="t">R</subfield>
    <subfield code="u">ARCHITECTURE</subfield>
    <subfield code="v">499.00</subfield>
    <subfield code="w">2018-04-30</subfield>
    <subfield code="y">01</subfield>
    <subfield code="z">ARCHITECTURE</subfield>
  </datafield>
  <datafield tag="952" ind1=" " ind2=" ">
    <subfield code="0">0</subfield>
    <subfield code="1">0</subfield>
    <subfield code="2">ddc</subfield>
    <subfield code="3">PAPER BACK</subfield>
    <subfield code="4">0</subfield>
    <subfield code="7">0</subfield>
    <subfield code="a">24</subfield>
    <subfield code="b">24</subfield>
    <subfield code="d">2018-05-01</subfield>
    <subfield code="e">BANSAL BOOKS</subfield>
    <subfield code="f">ARCHITECTU</subfield>
    <subfield code="g">499.00</subfield>
    <subfield code="i">6284 DATED 28/04/2018</subfield>
    <subfield code="l">0</subfield>
    <subfield code="o">625.125MCK 354</subfield>
    <subfield code="p">24-B-359</subfield>
    <subfield code="r">2018-05-05</subfield>
    <subfield code="t">R</subfield>
    <subfield code="u">ARCHITECTURE</subfield>
    <subfield code="v">499.00</subfield>
    <subfield code="w">2018-04-30</subfield>
    <subfield code="y">01</subfield>
    <subfield code="z">ARCHITECTURE</subfield>
  </datafield>
  <datafield tag="952" ind1=" " ind2=" ">
    <subfield code="0">0</subfield>
    <subfield code="1">0</subfield>
    <subfield code="2">ddc</subfield>
    <subfield code="3">PAPER BACK</subfield>
    <subfield code="4">0</subfield>
    <subfield code="7">0</subfield>
    <subfield code="a">24</subfield>
    <subfield code="b">24</subfield>
    <subfield code="d">2018-05-01</subfield>
    <subfield code="e">BANSAL BOOKS</subfield>
    <subfield code="f">ARCHITECTU</subfield>
    <subfield code="g">499.00</subfield>
    <subfield code="i">6284 DATED 28/04/2018</subfield>
    <subfield code="l">0</subfield>
    <subfield code="o">625.125MCK 354</subfield>
    <subfield code="p">24-B-360</subfield>
    <subfield code="r">2018-05-05</subfield>
    <subfield code="t">R</subfield>
    <subfield code="u">ARCHITECTURE</subfield>
    <subfield code="v">499.00</subfield>
    <subfield code="w">2018-04-30</subfield>
    <subfield code="y">01</subfield>
    <subfield code="z">ARCHITECTURE</subfield>
  </datafield>
</record>
